|
|
|
|
| LEADER |
00663cam a2200157 7i4500 |
| 001 |
0000020940 |
| 005 |
20080321090000.0 |
| 090 |
0 |
0 |
|a MORC 641.2
|b SOF
|
| 245 |
0 |
0 |
|a Soft drinks in Morocco :
|b Euromonitor International GMID :
|b Euromonitor International GMID :
|b country market insight :
|b Euromonitor International GMID :
|b country market insight :
|b August 2006.
|
| 260 |
0 |
0 |
|a London:
|b Euromonitor,
|c 2006.
|
| 300 |
# |
# |
|a 56 p.
|
| 650 |
0 |
0 |
|a Soft drinks --
|x Markets --
|z Morocco
|
| 650 |
0 |
0 |
|a Fruit juice --
|x Markets --
|z Morocco
|
| 650 |
0 |
0 |
|a Carbonated drinks --
|x Markets --
|z Morocco
|
| 651 |
0 |
0 |
|a Morocco
|
| 999 |
|
|
|a B000020489
|b Book
|c Products
|e Business Information Centre
|